Chansons de Florent Pagny - Statistiques

Statistiques générales
  • Ce quiz a été pris 42 fois
    4 depuis la dernière actualisation
  • Le résultat moyen est 45 sur 276
Statistiques - réponses
Album Titre % Correct
Vieillir avec toi 1 Les Murs porteurs
100%
2 bis 2-7 Les Murs porteurs
100%
Vieillir avec toi 4 Le Soldat
100%
2 bis 1-1 N'importe quoi
100%
Savoir aimer 1 Savoir aimer
100%
2 14 Savoir aimer
100%
2 bis 1-6 Savoir aimer
100%
Rester vrai 2 Si tu veux m'essayer
100%
2 bis 1-3 Si tu veux m'essayer
100%
Abracadabra 9 Abracadabra
75%
2 bis 1-4 Bienvenue chez moi
75%
2 bis 1-5 Caruso
75%
C'est comme ça 2 C'est comme ça
75%
2 bis 2-6 C'est comme ça
75%
Châtelet les Halles 8 Et un jour, une femme
75%
2 11 Et un jour une femme
75%
2 bis 1-9 Et un jour, une femme
75%
Habana 5 Habana
75%
2 bis 2-8 Habana
75%
Abracadabra 3 Là où je t'emmènerai
75%
2 bis 2-4 Là où je t'emmènerai
75%
Ailleurs land 3 Ma liberté de penser
75%
2 bis 2-2 Ma liberté de penser
75%
Merci 1 Merci
75%
Tout et son contraire 5 8e merveille
50%
Ailleurs land 2 Ailleurs land
50%
Savoir aimer 9 Chanter
50%
2 6 Chanter
50%
2 bis 1-7 Chanter
50%
Châtelet les Halles 1 Châtelet les Halles
50%
2 9 Châtelet les Halles
50%
2 bis 1-10 Châtelet les Halles
50%
Vieillir avec toi 2 Combien de gens
50%
Habana 4 Encore
50%
Le Présent d'abord 11 Immense
50%
Ailleurs land 1 Je trace
50%
Le Présent d'abord 2 La Beauté du doute
50%
Le Présent d'abord 1 Le Présent d'abord
50%
Pagny chante Brel 3 Ne me quitte pas
50%
Merci 10 Presse qui roule
50%
Aime la vie 1 Rafale de vent
50%
2 bis 2-10 Rafale de vent
50%
Rester vrai 6 Rester vrai
50%
Tout et son contraire 2 Te jeter des fleurs
50%
Châtelet les Halles 10 Terre
50%
2 7 Terre
50%
Tout et son contraire 6 Tout et son contraire
50%
Vieillir avec toi 3 Vieillir avec toi
50%
Aime la vie 10 Aime la vie
25%
C'est comme ça 3 Amar y amar
25%
Vieillir avec toi 5 Après nous
25%
Abracadabra 11 À tout peser à bien choisir
25%
Merci 2 Ça fait des nuits
25%
RéCréation 2-4 Chère amie (Toutes mes excuses)
25%
Savoir aimer 8 Combien ça va
25%
2 bis 1-2 Comme d'habitude
25%
Ailleurs land 8 Demandez à mon cheval
25%
Savoir aimer 2 Dors
25%
Savoir aimer 11 D'un amour l'autre
25%
Rester vrai 4 Est-ce que tu me suis ?
25%
Baryton. Gracias a la vida 3 Gracias a la vida
25%
Grandeur nature 1 Grandeur nature
25%
Baryton 1 Io le canto per te
25%
2 bis 2-3 Io le canto per te
25%
Tout et son contraire 4 Je laisse le temps faire
25%
RéCréation 1-7 Jolie Môme
25%
2 bis 1-8 Jolie Môme
25%
Merci 3 J'te jure
25%
Châtelet les Halles 5 L'Air du temps
25%
2 3 L'Air du temps
25%
L'Avenir 1 L'Avenir
25%
Abracadabra 1 Le Mur
25%
Rester vrai 8 Les Hommes qui doutent
25%
RéCréation 1-1 Les Parfums de sa vie (je l'ai tant aimée)
25%
L'Avenir 4 Les Passerelles
25%
L'Avenir 2 L'Instinct
25%
Rester vrai 9 Loin
25%
Savoir aimer 5 Loin de toi
25%
Pagny chante Brel 4 Mathilde
25%
Savoir aimer 4 Mourir les yeux ouverts
25%
Baryton 2 Nessun dorma
25%
Aime la vie 6 Noir et blanc
25%
Vieillir avec toi 8 On sera là
25%
Pagny chante Brel 2 Orly
25%
Merci 8 Prends ton temps
25%
RéCréation 2-1 Quand j'étais chanteur
25%
Vieillir avec toi 9 Quand on est seul en décembre
25%
Réaliste 2 Qu'est-ce qu'on a fait ?
25%
Savoir aimer 3 Sierra Cuadrada
25%
Tout et son contraire 1 Si tu n'aimes pas Florent Pagny
25%
Savoir aimer 10 Sólo le pido a Dios
25%
Vieillir avec toi 10 Souviens-toi
25%
Réaliste 1 Tue-moi
25%
Savoir aimer 6 Une place pour moi
25%
Pagny chante Brel 10 Vesoul
25%
2 bis 2-5 Vesoul
25%
Châtelet les Halles 3 Y'a pas un homme qui soit né pour ça
25%
Tout simplement 3 20 ans
0%
Tout simplement 11 20 ans
0%
Habana 6 Agua salada
0%
Baryton. Gracias a la vida 6 A la Huella a la huella
0%
C'est comme ça 8 A las puertas de la iglesia
0%
Baryton. Gracias a la vida 5 Alfonsina y el mar
0%
RéCréation 2-8 Antisocial
0%
Tout et son contraire 9 Après l'amour
0%
Pagny chante Brel 7 Au suivant
0%
Aime la vie 3 Avec un peu d'avance
0%
Réaliste 4 Aveugles du pouvoir
0%
Réaliste 10 Bien sûr qu'il n'y a rien à dire
0%
Abracadabra 6 Ça change un homme
0%
Pagny chante Brel 11 Ces gens-là
0%
Tout simplement 1 C'est ça la France
0%
Tout et son contraire 3 C'est le soir que je pense ma vie
0%
Le Présent d'abord 7 C'est peut-être
0%
Aime la vie 9 C'est ta route
0%
Tout et son contraire 11 Chacun est un cas
0%
Tout simplement 5 Chanter pour ceux
0%
Baryton. Gracias a la vida 10 Clandestino
0%
L'Avenir 7 Comme avant
0%
Rester vrai 5 Comme de l'eau
0%
Abracadabra 4 Comme l'eau se souvient
0%
Châtelet les Halles 2 Comment je saurai
0%
Vieillir avec toi 7 Condoléances
0%
2 15 Con te partirò
0%
C'est comme ça 5 Decirle adiós al adiós
0%
Tout simplement 8 Des gens formidables
0%
Abracadabra 5a Désolé
0%
Le Présent d'abord 12 Dessine
0%
Châtelet les Halles 9 Dix Choses
0%
Habana 8 Dónde están
0%
Habana 1 Dónde va la vida
0%
Grandeur nature 6 Do You Love Me?
0%
C'est comme ça 15 Duele
0%
Réaliste 8 Économie est une déesse
0%
C'est comme ça 1 El carnaval
0%
Baryton. Gracias a la vida 1 El Día que me quieras
0%
Réaliste 3 Elle dit
0%
C'est comme ça 13 El mundo
0%
Baryton 9 E lucean le stelle
0%
Merci 9 Emergency
0%
C'est comme ça 6 En el teatro
0%
C'est comme ça 7 En la vida
0%
Le Présent d'abord 8 Entre mes lignes
0%
Abracadabra 10a Envers et contre moi
0%
2 2 Et maintenant
0%
2 bis 2-1 Et maintenant
0%
Réaliste 5 Et qui sait
0%
Habana 9 Falta el ruido
0%
Baryton 5 Finche' pace non avro'
0%
Le Présent d'abord 10 Gandhi
0%
Aime la vie 5 Garçons
0%
Ailleurs land 10 Guérir
0%
Baryton 3 Guide Me Home
0%
RéCréation 2-3 Heures hindoues
0%
Merci 11 Heureux de vivre
0%
RéCréation 1-9 Hygiaphone
0%
Grandeur nature 17 Il faudra
0%
Tout simplement 10 Il faut tourner la page
0%
Grandeur nature 12 Il Passagio
0%
RéCréation 1-5 Il voyage en solitaire
0%
Aime la vie 8 Immobiles
0%
Grandeur nature 14 Impossible Gnossienne
0%
Abracadabra 0 Indiandeb
0%
Le Présent d'abord 9 Interlude (Gandhi)
0%
Le Présent d'abord 5 Interlude (L'Âge de raison)
0%
Tout et son contraire 8 J'ai arrêté de rêver
0%
Abracadabra 8 J'ai beau vouloir
0%
Tout et son contraire 7 J'ai tort
0%
Rester vrai 11 Jamais
0%
Le Présent d'abord 4 Je connais personne
0%
Ailleurs land 4 Je parle même pas d'amour
0%
Grandeur nature 9 Je sais qui je suis
0%
Abracadabra 2a Je suis
0%
Grandeur nature 10 Je suis toi
0%
2 bis 2-9 Je te promets
0%
Le Présent d'abord 3 Je veux en voir encore
0%
Rester vrai 1 J'irai quand même
0%
RéCréation 1-6 J'oublierai ton nom
0%
2 12 Là-bas
0%
C'est comme ça 11 La canción del pescado
0%
Pagny chante Brel 1 La Chanson de Jacky
0%
Pagny chante Brel 6 La Chanson des vieux amants
0%
Grandeur nature 5 La Dernière Chanson du monde
0%
Baryton 6 La donna è mobile
0%
Pagny chante Brel 5 La Fanette
0%
Ailleurs land 5 La Folie d'un ange
0%
Le Présent d'abord 6 L'Âge de raison
0%
Châtelet les Halles 12 La Légende de Carlos Gardel
0%
Grandeur nature 13 L'amour est toujours devant nous
0%
Tout et son contraire 10 La Paix
0%
2 8 La Poupée qui fait non
0%
Baryton. Gracias a la vida 2 La Soledad
0%
Châtelet les Halles 7 La Solitude
0%
2 13 L'Eau
0%
Grandeur nature 7 Le Braquage des sentiments
0%
Pagny chante Brel 8 Le Dernier Repas
0%
Ailleurs land 6 Le Feu à la peau
0%
Tout simplement 6 Le Mal de vivre
0%
L'Avenir 5 Les arbres se souviennent
0%
Pagny chante Brel 9 Les Bourgeois
0%
2 5 Les Emmerdes
0%
L'Avenir 6 Les Nouveaux Rêves
0%
Châtelet les Halles 6 Les Ombres
0%
Châtelet les Halles 11 Le Temps joue contre nous
0%
Grandeur nature 11 Libres
0%
L'Avenir 3 L'Idéal
0%
Abracadabra 2b Linkembe
0%
Abracadabra 10b Linkennio
0%
Abracadabra 5b Linkeur
0%
Abracadabra 7b Linkslide
0%
Grandeur nature 16 L'Oiseau de l'espoir
0%
Baryton. Gracias a la vida 11 Los Años
0%
Habana 10 Mais où s'en va la vie
0%
Baryton 8 Maria
0%
Tout simplement 9 Ma solitude
0%
Réaliste 9 Ma vie de mort
0%
C'est comme ça 12 Me siento bien
0%
Tout simplement 2 Mistral gagnant
0%
Ailleurs land 9 Mon amour oublie que je l'aime
0%
C'est comme ça 9 No pasa nada
0%
Merci 4 On est juste de passage
0%
2 4 On n'oublie pas d'où l'on vient
0%
C'est comme ça 16 París
0%
Vieillir avec toi 6 Parle
0%
RéCréation 1-2 Pars
0%
RéCréation 2-7 Partir
0%
2 10 Pas de boogie woogie
0%
Réaliste 7 Paupières mi-closes
0%
Baryton. Gracias a la vida 7 Piensa en mi
0%
L'Avenir 10 Plus ta voix
0%
Merci 7 Pour la vie
0%
Savoir aimer 7 Protection
0%
L'Avenir 9 Quand elle rentrera
0%
Tout simplement 7 Quand j'serai K.O.
0%
Grandeur nature 15 Quand on a trop de cœur
0%
Châtelet les Halles 13 Quelques Mots
0%
C'est comme ça 10 Que nadie sepa mi sufrir
0%
Merci 5 Questions sans réponse
0%
Baryton. Gracias a la vida 4 Quizás
0%
Aime la vie 7 Raison d'aimer
0%
Rester vrai 7 Rappelle-toi de tes rêves
0%
RéCréation 1-4 Requiem pour un con
0%
Merci 6 Reste chez toi
0%
Rester vrai 3 Rêve aussi le jour
0%
Aime la vie 4 Revenons sur Terre
0%
Ailleurs land 7 Sauf toi
0%
Baryton 7 Silenzio e pace
0%
C'est comme ça 14 Sin despertar
0%
Aime la vie 2 Si une chanson
0%
RéCréation 1-3 SOS amor
0%
Ailleurs land 11 Sur mesure
0%
Grandeur nature 2 Sur un fil invisible
0%
Grandeur nature 8 T'aimer encore
0%
Grandeur nature 4 Tempête lunaire
0%
C'est comme ça 4 Te puedo acompañar
0%
Baryton 10 The Day We Made God Cry
0%
L'Avenir 8 Toi et moi
0%
Réaliste 6 Tout seul ensemble
0%
RéCréation 2-6 Tu manques
0%
Baryton 11 Una nube blanca
0%
RéCréation 2-2 Une seule journée passée sans elle
0%
Tout simplement 4 Un homme et une femme
0%
Châtelet les Halles 4 Un mot de Prévert
0%
Grandeur nature 3 Un peu d'altitude
0%
Baryton. Gracias a la vida 8 Un Vestido y un Amor
0%
RéCréation 1-8 Vendeurs de larmes
0%
Rester vrai 10 Vent d'Orient
0%
Habana 2 Viviré
0%
Abracadabra 7a Vivons la paix
0%
RéCréation 2-5 Voilà, c'est fini
0%
Baryton 4 Volo di notte
0%
Baryton. Gracias a la vida 9 Volver
0%
Habana 3 Volver a cantar
0%
Habana 7 Voz de bolero
0%
C'est comme ça 17 Vuelvo al sur
0%
2 1 We Are the champions
0%
Aucun quiz correspondant
Distribution des résultats
% des personnes avec chaque résultat
Percentile par nombre de réponses
Votre historique - résultats
Vous n’avez pas pris ce quiz depuis la dernière actualisation